Sports Quiz

Random Sports or Europe Quiz

Top 15 active goalscorers currently in Europe Quiz Stats

 Plays Quiz not verified by Sporcle

Challenge
Share
Tweet
Embed
Score 0/15 Timer 02:00
0 Plays Today
Goals Player % Correct
472Lionel Messi
98.6%
490Cristiano Ronaldo
98.3%
398Zlatan Ibrahimovic
88.5%
263Wayne Rooney
81.8%
312Luis Suarez
80.1%
271Sergio Aguero
63%
229Karim Benzema
61.1%
257Robert Lewandowski
57.4%
Goals Player % Correct
234Gonzalo Higuain
54.4%
306Francesco Totti
48%
246Edinson Cavani
44.4%
236Fernando Torres
42.6%
263Mario Gomez
18.5%
305Claudio Pizarro
9.5%
309Klaas-Jan Huntelaar
9.3%

You're not logged in!

Compare scores with friends on all Sporcle quizzes.
OR
Log In

You Might Also Like...

Show Comments

Extras

Top Quizzes Today


Score Distribution

Your Account Isn't Verified!

In order to create a playlist on Sporcle, you need to verify the email address you used during registration. Go to your Sporcle Settings to finish the process.

Report this User

Report this user for behavior that violates our Community Guidelines.

Details: